000 00296nam a22001337a 4500
008 171014b xxu||||| |||| 00| 0 eng d
020 _a9780872186439
041 _aeng
080 _a331 B
100 _a52
101 _aPUN
245 _aTAX FACTS
_cMINER, D.A
942 _2udc
_cBK
999 _c33936
_d33936